| 000 | 00538nam a22002057a 4500 | ||
|---|---|---|---|
| 003 | OSt | ||
| 005 | 20140310183126.0 | ||
| 008 | 130529t xxu||||| |||| 00| 0 eng d | ||
| 020 | _a9712326608 | ||
| 050 |
_aQC 23 _b.Sa237 1999 |
||
| 082 |
_aFIL 530 _bSa5 1999 |
||
| 245 |
_aPhysics for High School _cSantos, Gil Nonato C. |
||
| 260 |
_aManila, Philippines _bRex Book Store _cc1999 |
||
| 300 |
_a588 p. _c25.4 cm. |
||
| 521 | _acollege students | ||
| 526 | _c1210L-1700L | ||
| 541 | _j1 | ||
| 562 | _e1 | ||
| 942 |
_2lcc _cBK _kFIL |
||
| 999 |
_c19022 _d19022 |
||